000
00213nam a22000857a 4500
008
161228b xxu||||| |||| 00| 0 eng d
100
_9
2205
_a
Sen.s
245
_a
Computer Science-7
260
_a
New Delhi
_b
Frank Book
_c
2010
999
_c
5093
_d
5093